000 00611nam a2200241Ia 4500
001 17897
005 20240113235822.0
007 ta
008 060107s1962 g b000 u asm u
040 _aCotton College,Assam
041 _aasm
082 _a891.4141
_bL 145 T
100 _aLeich, Abul .
245 0 _aTom Sawyerar Kanda /
_cAbul Leich.
_hTextual Documents
250 _a1st ed. /
260 _aGauhati :
_bNew Book Stall ,
_c1962.
300 _a114p. ;
_c22cm.
653 _aAssamese Fiction
653 _aG-Assamese
942 _2ddc
_cBK
999 _c17879
_d17879